| 000 | 00537nam a2200181Ia 4500 | ||
|---|---|---|---|
| 001 | 71857 | ||
| 008 | 160401s9999 xx 000 0 und d | ||
| 020 | _a9780199935789 | ||
| 040 | _cPK-LaUMT | ||
| 082 |
_a 294.3095493 _bBER-B |
||
| 100 | _aBerkwitz, Stephen C. | ||
| 245 |
_aBuddhist poetry and colonialism _balagiyavanna and the Portuguese in Sri Lanka _cBerkwitz, Stephen C. |
||
| 260 |
_aOxford,USA: _bOxford University Press, _c2013 |
||
| 300 | _a308 p | ||
| 546 | _aEN | ||
| 650 | _aBudhism and culuture-Sri Lanka | ||
| 942 | _cBK | ||
| 999 |
_c84861 _d84861 |
||